Propuesta de intervención Urbana en espacios abiertos del Municipio de Diriamba, Departamento de Carazo

Presenta una propuesta de intervención urbana donde se elaboró un diagnóstico urbano arquitectónico en el que se identifican las potencialidades y restricciones del centro urbano, así como los espacios públicos de intervención, permitiendo comprender la imagen urbana de la ciudad.

Bibliographic Details
Main Authors: Moraga González, Damaris, Tinoco Mejía, Winnie Fred
Other Authors: Tutor: Cardoza S, Uriel R
Format: Tesis Section = Libro
Language:Undetermined
Spanish
Published: Managua UNI 2020
Subjects:
LEADER 01150nam a2200277Ia 4500
008 240830s9999 xx 000 0 und d
040 |a BIBLIOTECA-RUSB/ Mon 711.4 M827 
041 |a spa 
082 |a Mon 711.4 M827 
100 1 |a Moraga González, Damaris 
100 1 |b Tinoco Mejía, Winnie Fred 
245 1 0 |a Propuesta de intervención Urbana en espacios abiertos del Municipio de Diriamba, Departamento de Carazo 
260 |a Managua  |b UNI  |c 2020 
300 |a 110 p. :il. 
500 |a Contiene: anexos y CD. 
502 |a Tesis (Arquitecto) - UNI, 2020. 
520 3 |a Presenta una propuesta de intervención urbana donde se elaboró un diagnóstico urbano arquitectónico en el que se identifican las potencialidades y restricciones del centro urbano, así como los espacios públicos de intervención, permitiendo comprender la imagen urbana de la ciudad. 
650 7 |a URBANISMO- DIRIAMBA 
650 7 |b  ASENTAMIENTO URBANO 
650 7 |c  ESPACIO URBANO 
650 7 |d  ADMINISTRACION MUNICIPAL 
650 7 |e  PLANIFICACION TERRITORIAL 
700 1 |a Tutor:  |b Cardoza S, Uriel R 
942 |c BK  |2 ddc 
991 |a TESIS 
999 |c 20936